Pokémon: deuxième génération - Statistiques

Statistiques générales
  • Ce quiz a été pris 9 fois
  • Le résultat moyen est 62 sur 100
Statistiques - réponses
Types Catégories Pokémons Numéros % Correct
AcierVol Armoiseau Airmure 0227
86%
Feu Volcan Feurisson 0156
86%
Plante Feuille Germignon 0152
86%
Feu Souris Feu Héricendre 0155
86%
Eau Mâchoire Kaiminus 0158
86%
PsyVol Plongeon Lugia 0249
86%
Plante Feuille Macronium 0153
86%
Plante Herbe Méganium 0154
86%
Electrik Minisouris Pichu 0172
86%
EauFée Aqualapin Azumarill 0184
71%
GlaceVol Livraison Cadoizo 0225
71%
PsyPlante Temporel Celebi 0251
71%
GlaceSol Porc Cochignon 0221
71%
PlanteVol Pissenlit Cotovol 0189
71%
TénèbresFeu Sombre Démolosse 0229
71%
Normal Vachalait Ecrémeuh 0241
71%
Feu Volcan Entei 0244
71%
FeuVol Arcenciel Ho-Oh 0250
71%
NormalVol Hibou Hoothoot 0163
71%
Normal Serpent Insolourdo 0206
71%
Electrik Laine Lainergie 0180
71%
Feu Lave Limagma 0218
71%
GlacePsy Bisou Lippouti 0238
71%
EauFée Aquasouris Marill 0183
71%
Fée Etoile Mélo 0173
71%
Sol Long-Nez Phanpy 0231
71%
Electrik Lumière Pharamp 0181
71%
Normal Peintre Queulorior 0235
71%
EauPsy Royal Roigada 0199
71%
Fée Fée Snubbull 0209
71%
AcierSol Serpenfer Steelix 0208
71%
Eau Aurore Suicune 0245
71%
Fée Balle Pic Togepi 0175
71%
FéeVol Bonheur Togetic 0176
71%
NormalFée Bouboule Toudoudou 0174
71%
InsecteVol Translaile Yanma 0193
71%
Psy Symbolique Zarbi 0201
71%
Eau Mâchoire Aligatueur 0160
57%
EauSol Poisson Axoloto 0194
57%
InsecteRoche Pourri Caratroc 0213
57%
InsecteAcier Pince Cizayox 0212
57%
EauRoche Corail Corayon 0222
57%
TénèbresVol Obscurité Cornèbre 0198
57%
Insecte Vol 5 Etoiles Coxy 0165
57%
InsecteVol 5 Etoiles Coxyclaque 0166
57%
Eau Mâchoire Crocrodil 0159
57%
Combat Bagarreur Debugant 0236
57%
EauVol Cervolant Démanta 0226
57%
Sol Armure Donphan 0232
57%
Electrik Electrique Elekid 0239
57%
RocheSol Peaupierre Embrylex 0246
57%
TénèbresGlace Grifacérée Farfuret 0215
57%
PlanteVol Pissenlit Floravol 0188
57%
InsecteAcier Ver Caché Foretress 0205
57%
Normal Allongé Fouinar 0162
57%
Normal Espion Fouinette 0161
57%
Fée Fée Granbull 0210
57%
PlanteVol Pissenlit Granivol 0187
57%
Plante Soleil Héliatronc 0192
57%
EauDragon Dragon Hyporoi 0230
57%
Combat Poirier Kapoera 0237
57%
Eau Electrik Lumière Lanturn 0171
57%
EauElectrik Poisson Loupio 0170
57%
Feu Charbon Magby 0240
57%
TénèbresFeu Sombre Malosse 0228
57%
EauSol Poisson Maraiste 0195
57%
GlaceSol Cochon Marcacrin 0220
57%
PsyVol Minoiseau Natu 0177
57%
NormalVol Hibou Noarfang 0164
57%
PoisonVol Chovsouris Nostenfer 0169
57%
Eau Jet Octillery 0224
57%
Insecte Ver Caché Pomdepik 0204
57%
Normal Virtuel Porygon2 0233
57%
Psy Patient Qulbutoké 0202
57%
Electrik Foudre Raikou 0243
57%
Eau Jet Rémoraid 0223
57%
InsecteCombat Unicorne Scarhino 0214
57%
SolVol Scorpivol Scorplane 0207
57%
Roche Imitation Simularbre 0185
57%
Normal Mini Ours Teddiursa 0216
57%
Plante Graine Tournegrin 0191
57%
Feu Volcan Typhlosion 0157
57%
RocheTénèbres Armure Tyranocif 0248
57%
Normal Hibernant Ursaring 0217
57%
FeuRoche Lave Volcaropod 0219
57%
Electrik Laine Wattouat 0179
57%
PsyVol Mystique Xatu 0178
57%
RocheSol Carapadure Ymphect 0247
57%
Normal Longqueue Capumain 0190
43%
Normal Maxi Corne Cerfrousse 0234
43%
Spectre Strident Feuforêve 0200
43%
NormalPsy Long-Cou Girafarig 0203
43%
Plante Fleur Joliflor 0182
43%
Normal Bonheur Leuphorie 0242
43%
Psy Soleil Mentali 0196
43%
InsectePoison Long-Patte Migalos 0168
43%
InsectePoison Crache Fil Mimigal 0167
43%
Ténèbres Lune Noctali 0197
43%
EauPoison Bouboule Qwillfish 0211
43%
Eau Grenouille Tarpaud 0186
43%
Aucun quiz correspondant
Distribution des résultats
% des personnes avec chaque résultat
Percentile par nombre de réponses
Votre historique - résultats
Vous n’avez pas pris ce quiz